Oldest Capital City per Continent - Statistics

General Stats
  • This quiz has been taken 52 times
  • The average score is 2 of 6
Answer Stats
Continent Foundation Date Oldest Capital City % Correct
Asia 9000 BC Damascus
76%
South America 1500 BC Quito
61%
North America 1500 BC Guatemala City
46%
Europe 6000 BC Sofia
33%
Oceania 1300s BC Port Vila
17%
Africa 800 BC Asmara
15%
No matching quizzes found
Score Distribution
Percent of People with Each Score
Percentile by Number Answered
Your Score History
You have not taken this quiz